[Event "Catanduva Colegiao op 2nd"]
[Site "Catanduva"]
[Date "2015.08.01"]
[Round "4"]
[White "Garcia Kina, Caio"]
[Black "Teodoro Borsato, Ana Carolina"]
[Result "1-0"]
[WhiteElo "1878"]
[BlackElo "1774"]
[PlyCount "87"]
[EventDate "2015.07.31"]
[EventType "swiss"]
[EventRounds "5"]
[EventCountry "BRA"]
[SourceTitle "EXT 2016"]
[Source "ChessBase"]
[SourceDate "2015.10.08"]
[SourceVersion "1"]
[SourceVersionDate "2015.10.08"]
[SourceQuality "1"]

1. e4 e5 2. Nf3 Nc6 3. d4 exd4 4. Bc4 Nf6 5. e5 Qe7 6. 0-0 Ng4 7. Re1 h5 8. Ng5 Nh6 9. Qxh5 g6 10. Qd1 b6 11. c3 d3 12. Na3 Bb7 13. e6 0-0-0 14. exf7 Qf6 15. Ne4 Qf5 16. Ng3 Qf6 17. Ne4 Qf5 18. Bg5 Nxf7 19. Bxd8 Ncxd8 20. Bxd3 Qf4 21. Ng3 Bc5 22. Qc2 Qh4 23. Be4 Qxh2+ 24. Kf1 Nc6 25. b4 Bd6 26. Ke2 Bxg3 27. Rh1 Qxh1 28. Rxh1 Rxh1 29. fxg3 Rh2 30. b5 Nce5 31. Bxb7+ Kxb7 32. Qe4+ Kb8 33. Nc4 Rh5 34. g4 Rg5 35. Ne3 Nd6 36. Qf4 Nef7 37. c4 Rc5 38. Qf6 Ne5 39. a4 Nexc4 40. Nc2 Ne5 41. Nb4 Nxg4 42. Na6+ Kb7 43. Nxc5+ bxc5 44. Qf3+ 1-0